书目信息 |
| 题名: |
瞬间的毁灭 一
|
|
| 作者: | 卓力 主编 | |
| 分册: | 一 海难部 | |
| 出版信息: | 北京 中国民族摄影艺术出版社 2001 |
|
| 页数: | 377页 | |
| 开本: | 26cm | |
| 丛书名: | ||
| 单 册: | ||
| 中图分类: | I25 | |
| 科图分类: | ||
| 主题词: | 船舶遇难--简介--世界 , 飞行事故--简介--世界 , 报告文学--中国 , 传记文学--中国 | |
| 电子资源: | ||
| ISBN: | 7-80069-400-3 | |
| 000 | 00856nam0 2200253 45 | |
| 005 | 20041009152527.97 | |
| 010 | @a7-80069-400-3@dCNY27.50 | |
| 100 | @a20020807d2001 ekmy0chiy0121 ea | |
| 101 | 0 | @achi |
| 102 | @aCN@b110000 | |
| 105 | @aac z 000yy | |
| 200 | 1 | @a瞬间的毁灭 一@Ashun jian de hui mie yi@h一@i海难部@f卓力主编 |
| 210 | @a北京@c中国民族摄影艺术出版社@d2001 | |
| 215 | @a377页@c图,照片@d26cm | |
| 330 | @a本书包括了烟台海域大舜号“11·24”海难,四川省合江县“6·22”翻船事故写真,台湾“7·10”宜兰海难事件纪实,俄库尔斯克核潜艇死难历程以及32名印尼海船的脱险历程。 | |
| 517 | 1 | @a海难部 |
| 606 | 0 | @a船舶遇难@x简介@y世界 |
| 606 | 0 | @a飞行事故@x简介@y世界 |
| 606 | 0 | @a报告文学@x中国 |
| 606 | 0 | @a传记文学@x中国 |
| 690 | @aI25@v3 | |
| 701 | 0 | @a卓力@Azhuo li@4主编 |
| 801 | 0 | @aCN@bQSSK1n@c20041009 |
| 905 | @a10447@dI25@eZ937:1 | |
| 瞬间的毁灭 一.一.海难部/卓力主编.-北京:中国民族摄影艺术出版社,2001 |
| 377页:图,照片;26cm |
| ISBN 7-80069-400-3:CNY27.50 |
| 本书包括了烟台海域大舜号“11·24”海难,四川省合江县“6·22”翻船事故写真,台湾“7·10”宜兰海难事件纪实,俄库尔斯克核潜艇死难历程以及32名印尼海船的脱险历程。 |
| ● |
| 相关链接 |
|
|
|
正题名:瞬间的毁灭 一
索取号:I25/Z937:1
 
预约/预借
| 序号 | 登录号 | 条形码 | 馆藏地/架位号 | 状态 | 备注 |
| 1 | 398114 | 203981147 | 文学库108/108文学库 66排6列1层/ [索取号:I25/Z937:1] | 在馆 | |
| 2 | 398115 | 203981156 | 文学库108/108文学库 66排6列1层/ [索取号:I25/Z937:1] | 在馆 | |
| 3 | 398116 | 203981165 | 文学库108/108文学库 66排6列1层/ [索取号:I25/Z937:1] | 在馆 |